000 00737nam a22002177a 4500
003 UA-OsUOA
001 122097
007 ta
008 20170410b un ||||| |||| 00| 0 ukr d
100 _aБондаренко Ю.
090 _a82
_bБ81
942 _cSA
040 _aUA-OsUOA
_bukr
_cUA-OsUOA
_dUA-OsUOA
245 _aНавчальна ситуація уроку літератури: типологічні та видові підходи до організації
300 _aС.14-18
955 _a0
041 _aukr
080 _a82
773 0 _w122095
_tУкраїнська мова і література в школі
_dК.
_d2017
_g1
650 7 _a82 Література. Літературознавство
_2UDC
999 _c408036
_d408036